Normal view
MARC view
- Dawud, Abd al-Ahad,
Entry Personal Name
001 - CONTROL NUMBER
- control field: 2473
003 - CONTROL NUMBER IDENTIFIER
- control field: OSt
005 - DATE AND TIME OF LATEST TRANSACTION
- control field: 20170508163400.0
008 - FIXED-LENGTH DATA ELEMENTS
- fixed length control field: 170508|| aca||aabn | a|a d
040 ## - CATALOGING SOURCE
- Original cataloging agency: OSt
- Transcribing agency: OSt
100 ## - HEADING--PERSONAL NAME
- Personal name: Dawud, Abd al-Ahad,
- Dates associated with a name: 1867-
670 ## - SOURCE DATA FOUND
- Source citation: Work cat.: (OSt)0: Dawud, Abd al-Ahad, 1867-, Muhammad in the Bible /, 1987

PORTAL AKMAL
E-MEL JKDM
AKMAL2U
G-BAM
u-PUSTAKA